000 01139nam a2200289 4500
001 114271
003 DR-UNIBE
005 20251210105521.0
008 251203b2025 dr ||||| |||| 00| 1 spa d
020 _a9789945296877
040 _aBIBLIOTECA UNIBE
_bspa
_cBIBLIOTECA UNIBE
_erda
041 _aspa
090 _aFBIU LI PI SA113u
100 1 0 _aSabaris, Arlene
_9152659
_eautor
245 1 0 _aUna dulce lección /
_cArlene Sabaris ; dirección editorial: Luis Reynaldo Pérez ; diseño y maquetación: Karina Chávez ; ilustraciones: Mística
250 _aPrimera edición
260 _aSanto Domingo :
_bLuna Insomne Editores,
_c2025
300 _a15 páginas :
_bilustraciones a color :
_c20 x 8 cm
653 7 _aLiteratura infantil dominicana
653 7 _aPoesía infantil dominicana
653 7 _aAbejas - Poesías infantil dominicana
653 7 _aHistorias - Poesías infantiles dominicanas
700 1 0 _aPérez , Luis Reynaldo,
_d1980-
_939270
_edirector editorial
700 1 0 _aChávez, Karina
_9152663
_ediseñador
_emaquetación
700 1 0 _aMística
_q(González Uceta, Massiel)
_9152662
_eilustrador
942 _2ddc
_cBK
999 _c114271
_d114271